| 000 | 00524nam a22001817a 4500 | ||
|---|---|---|---|
| 003 | CEME | ||
| 005 | 20210628204051.0 | ||
| 008 | 210107b xxu||||| |||| 00| 0 eng d | ||
| 020 | _a9780470686362 | ||
| 040 | _cceme | ||
| 082 | _a621.3 KIR | ||
| 100 |
_aKirtley, James L _968558 |
||
| 245 | _aElectric power principles , sources, conversion, distribution and use | ||
| 260 |
_aSINGAPORE _bWILEY _c2010 |
||
| 300 | _aXII, 391P | ||
| 650 |
_aELECTRIC POWER PRINCIPLES.ELECTRIC POWER PRODUCTION. _968559 |
||
| 942 |
_cBK _2ddc |
||
| 999 |
_c576103 _d576103 |
||